| 000 | 00687naa a22001937a 4500 | ||
|---|---|---|---|
| 003 | OSt | ||
| 005 | 20190520070354.0 | ||
| 008 | 190516e xxu||||| |||| 00| 0 spa d | ||
| 040 | _cPJ | ||
| 100 |
_91269 _aAlterini, Atilio Aníbal |
||
| 245 | 1 | 0 |
_aActos propios / _cAtilio Aníbal Alterini, Roberto Miguel López Cabana. |
| 300 | _ap. 232-239 | ||
| 504 | _aBibliografía: p. 239. | ||
| 650 | 0 |
_91467 _aRESPONSABILIDAD CIVIL |
|
| 650 | 0 |
_92532 _aDOCTRINA DE LOS ACTOS PROPIOS |
|
| 700 |
_91089 _aLópez Cabana, Roberto Miguel |
||
| 773 | 0 |
_02857 _93234 _b3a. ed. _dBuenos Aires : Abeledo-Perrot, 1996. _o3329 _tEnciclopedia de la responsabilidad civil. Tomo I _z95020009460 |
|
| 942 |
_2udc _cART |
||
| 999 |
_c2894 _d2894 |
||